| 000 | 00606nam a2200217 a 4500 | ||
|---|---|---|---|
| 005 | 20140310183450.0 | ||
| 008 | 090120s19uu xx 00 eng d | ||
| 020 | _a0071238387 | ||
| 050 |
_aHD 58.8 _b.P347 2006 |
||
| 100 | _aPalmer, Ian | ||
| 245 |
_aManaging organizational change : _ba multiple perspectives approach. / _cIan Palmer |
||
| 260 |
_aBoston : _bMcGraw-Hill, _c2006. |
||
| 300 |
_a367 p. : _bill. ; _c23 cm. |
||
| 521 | _aBSBA | ||
| 650 | _aBSBA. | ||
| 650 | _aOrganizational change. | ||
| 700 | _aDunford, Richard | ||
| 700 | _aAkin, Gib | ||
| 942 |
_cBK _2lcc _kFOR |
||
| 999 |
_c23386 _d23386 |
||